Kooperácia medzi účastníkmi distribučných procesov a jej vplyv na realizáciu distribučného manažmentu

Kooperácia ako predpoklad efektívnej realizácie distribučného manažmentu. Praktické výsledky spolupráce medzi účastníkmi distribučných procesov.

Na minha lista:
Detalhes bibliográficos
Autor principal: Daňo, Ferdinand, 1959-
Outros Autores: Kremeňová, Monika
Formato: Capítulo de Livro
Idioma:eslovaco
Assuntos:
Tags: Adicionar Tag
Sem tags, seja o primeiro a adicionar uma tag!

MARC

LEADER 00000naa a2200000 4500
001 0163764
005 20240502072840.7
041 0 |a slo 
044 |a SK 
245 1 0 |a Kooperácia medzi účastníkmi distribučných procesov a jej vplyv na realizáciu distribučného manažmentu  |c Ferdinand Daňo, Monika Kremeňová 
520 |a Kooperácia ako predpoklad efektívnej realizácie distribučného manažmentu. Praktické výsledky spolupráce medzi účastníkmi distribučných procesov. 
610 2 0 |a manažment 
610 2 0 |a distribúcia 
610 2 0 |a marketing 
610 2 0 |a kooperácia 
610 2 0 |a kanály distribučné 
100 1 |a Daňo, Ferdinand, 1959- 
700 1 |a Kremeňová, Monika